ბათუმის შოთა რუსთაველის სახელმწიფო უნივერსიტეტის ბიბლიოთეკა

ძველი ბერძნული პროზა (ბიბ.ჩანაწერი № 49389)

000 -LEADER
fixed length control field 01397nam a2200253Ia 4500
001 - CONTROL NUMBER
control field 16309
003 - CONTROL NUMBER IDENTIFIER
control field GE_BSU
008 - FIXED-LENGTH DATA ELEMENTS--GENERAL INFORMATION
fixed length control field 181216s||||||||xx |||||||||||||| ||und||
020 ## - INTERNATIONAL STANDARD BOOK NUMBER
International Standard Book Number ISBN 978-9941-15-869-8:(ძველი ბერძნული პროზა)
040 ## - CATALOGING SOURCE
Transcribing agency GE_BSU
080 ## - UNIVERSAL DECIMAL CLASSIFICATION NUMBER
Universal Decimal Classification number 821.14'01.03
245 ## - TITLE STATEMENT
Title ძველი ბერძნული პროზა
245 ## - TITLE STATEMENT
Statement of responsibility, etc. მთარგმნ.: ქეთევან აბესაძე,ვალერი ასათიანი, შუშანიკ ასათიანი და სხვ.;რედ.:ნანა ტონია;დიზაინერი:ია მახათაძე.
260 ## - PUBLICATION, DISTRIBUTION, ETC.
Place of publication, distribution, etc. თბილისი
260 ## - PUBLICATION, DISTRIBUTION, ETC.
Name of publisher, distributor, etc. ბაკურ სულაკაურის გამ-ბა
260 ## - PUBLICATION, DISTRIBUTION, ETC.
Date of publication, distribution, etc. 2013
300 ## - PHYSICAL DESCRIPTION
Extent 314გვ.;22სმ.
300 ## - PHYSICAL DESCRIPTION
Other physical details ყდაძე:ფრაგმენტი რაფაელის "აპოლონი პარნასის მთაზე
300 ## - PHYSICAL DESCRIPTION
Dimensions შენიშვნები: გვ.241-311
300 ## - PHYSICAL DESCRIPTION
Accompanying material მსოფლიო ლიტერატურის ბიბლიოთეკა:ანტიკური მწერლობა;ტ.15/სერიის მთ.რედ.და შემდგ.ემზარ გოგუაძე
653 ## - INDEX TERM--UNCONTROLLED
Uncontrolled term ლიტერატურა
942 ## - ADDED ENTRY ELEMENTS (KOHA)
Koha item type წიგნი
ეგზემპლარები
Withdrawn status Lost status Damaged status Not for loan Date acquired Barcode Date last seen Price effective from Koha item type
        2018-12-17 40808 2018-12-17 2018-12-17 წიგნი